[Event "Ekaterinburg Sysoev Memorial Rapid"]
[Site "Ekaterinburg"]
[Date "2021.11.28"]
[Round "3"]
[White "Barantsev, Kirill"]
[Black "Kraiukhin, Leonid"]
[Result "1-0"]
[WhiteElo "1544"]
[BlackElo "1562"]
[PlyCount "81"]
[EventDate "2021.11.28"]
[EventType "swiss (rapid)"]
[EventRounds "8"]
[EventCountry "RUS"]
[SourceTitle "EXT 2023"]
[Source "ChessBase"]
[SourceDate "2022.10.05"]
[SourceVersion "1"]
[SourceVersionDate "2022.10.05"]
[SourceQuality "1"]

1. e4 c5 2. f4 d5 3. exd5 Qxd5 4. Nc3 Qd8 5. Nf3 Nf6 6. d4 e6 7. Be3 cxd4 8. Qxd4 Bd7 9. Ne5 Nc6 10. Nxc6 Bxc6 11. 0-0-0 Qxd4 12. Bxd4 Be7 13. Bb5 0-0 14. Bxc6 bxc6 15. g3 Nd5 16. Ne4 Nb4 17. a3 Na6 18. Rd2 Rfd8 19. Rhd1 c5 20. Be3 Rxd2 21. Rxd2 Kf8 22. Rd7 Ke8 23. Rb7 h5 24. Rb5 Rc8 25. Ra5 Rc6 26. Kd2 Kd7 27. Kc3 f5 28. Nd2 Bf6+ 29. Kc4 Kc7 30. c3 Kb6 31. Rb5+ Kc7 32. Nb3 Kd7 33. Rb7+ Nc7 34. Nxc5+ Kc8 35. Rxa7 Be7 36. b4 Nd5 37. Bd4 Kb8 38. Ra6 Nb6+ 39. Kb5 Kc7 40. Ra7+ Kb8 41. Rxe7 1-0

[Event "Ekaterinburg Sysoev Memorial Rapid"]
[Site "Ekaterinburg"]
[Date "2021.11.28"]
[Round "5"]
[White "Barantsev, Kirill"]
[Black "Voskanyan, Argisht"]
[Result "1-0"]
[WhiteElo "1544"]
[BlackElo "1578"]
[PlyCount "75"]
[EventDate "2021.11.28"]
[EventType "swiss (rapid)"]
[EventRounds "8"]
[EventCountry "RUS"]
[SourceTitle "EXT 2023"]
[Source "ChessBase"]
[SourceDate "2022.10.05"]
[SourceVersion "1"]
[SourceVersionDate "2022.10.05"]
[SourceQuality "1"]

1. e4 c5 2. f4 d6 3. Nf3 Nc6 4. Bb5 Bd7 5. 0-0 Nf6 6. d3 a6 7. Bxc6 Bxc6 8. Nc3 e6 9. h3 Be7 10. Qe1 Qc7 11. Bd2 0-0-0 12. a3 d5 13. e5 Nd7 14. d4 cxd4 15. Nxd4 Bc5 16. Be3 g5 17. b4 Bb6 18. b5 Bxd4 19. Bxd4 Bxb5 20. Nxb5 axb5 21. Rb1 gxf4 22. Rf3 Nb8 23. Rxb5 Nc6 24. Rc3 Rdg8 25. Bb6 Qd7 26. Qf2 Kb8 27. Bc5 Rc8 28. Bd6+ Rc7 29. Qb6 Kc8 30. Ra5 Kb8 31. Rxc6 Qxc6 32. Bxc7+ Qxc7 33. Ra8+ Kxa8 34. Qxc7 Rf8 35. Qe7 Rc8 36. Qxf7 Rxc2 37. Qe8+ Ka7 38. Qa4+ 1-0

[Event "Ekaterinburg Sysoev Memorial Rapid"]
[Site "Ekaterinburg"]
[Date "2021.11.28"]
[Round "6"]
[White "Voskanyan, Argisht"]
[Black "Barantsev, Kirill"]
[Result "1-0"]
[WhiteElo "1578"]
[BlackElo "1544"]
[PlyCount "125"]
[EventDate "2021.11.28"]
[EventType "swiss (rapid)"]
[EventRounds "8"]
[EventCountry "RUS"]
[SourceTitle "EXT 2023"]
[Source "ChessBase"]
[SourceDate "2022.10.05"]
[SourceVersion "1"]
[SourceVersionDate "2022.10.05"]
[SourceQuality "1"]

1. d4 f5 2. c4 Nf6 3. g3 e6 4. Bg2 d5 5. Nh3 c6 6. 0-0 Bd6 7. Nd2 0-0 8. Qc2 Nbd7 9. Nf3 b6 10. cxd5 cxd5 11. Bf4 Bxf4 12. Nxf4 Nb8 13. Rac1 Na6 14. Ne5 Bd7 15. Nxd7 Qxd7 16. Qc6 Rfe8 17. Qxd7 Nxd7 18. Rc6 Kf7 19. Rfc1 Re7 20. Rd6 Nf6 21. Nd3 Rd7 22. Ne5+ Ke7 23. Rdc6 Rd6 24. R6c3 Ne8 25. e3 b5 26. Bf1 b4 27. Rc6 Nb8 28. Rc8 Rd8 29. Nd3 a5 30. Rxd8 Kxd8 31. Nc5 Ke7 32. Na4 Nd7 33. Bb5 Rb8 34. Bxd7 Kxd7 35. Nc5+ Ke7 36. Nb3 a4 37. Nc5 Ra8 38. Kf1 Nd6 39. Ke2 a3 40. b3 Nb5 41. Kd2 Nc3 42. Rc2 Rb8 43. f3 Nb1+ 44. Kc1 Nc3 45. Na6 Rb6 46. Nxb4 Ne2+ 47. Rxe2 Rxb4 48. Rc2 Kd6 49. Kd2 Rb5 50. Rc8 Rb7 51. Rc5 Ra7 52. b4 e5 53. Kc3 exd4+ 54. Kxd4 Ra4 55. Rxd5+ Kc6 56. Rc5+ Kd6 57. Kc3 g6 58. Ra5 Rxa5 59. bxa5 Kc5 60. Kb3 Kb5 61. Kxa3 Kxa5 62. Kb3 Kb5 63. a4+ 1-0